000 01290cab a2200337 4500
001 ABS59150
008 090401t1998 xxu||||| |||| 00| 0 eng d
035 _a(Sirsi) u88136
041 _aeng
100 _h
245 4 _aThe planning and execution of an international project: a checklist of actions
260 _c1998
350 _a0
490 _aCost Engineer
_v36(4) July 1998, 6-9(4)
520 _aPresents a checklist of considerations for the planning and execution of an international project. Considers project design; climatic and geological conditions; availability, delivery and price of equipment and materials; labour and management staff; schedules; infrastructure requirements; taxes and insurance. Sets out recommendations for tackling a foreign project.
650 _aEQUIPMENT PRICING
650 _aESTIMATES
650 _aInfrastructure
_96246
650 _aInsurance
_96249
650 _aINTERNATIONAL COST ENGINEERING COUNCIL
650 _aINTERNATIONAL PROJECTS
650 _aLABOUR
650 _aLOCAL TAXES
650 _aBUILT ENVIRONMENT-BUILDING MATERIALS
650 _aPROJECT DESIGN
650 _aSCHEDULES OF WORK
690 _aBUILDING AND CONSTRUCTION-PROJECTS
700 _aWoodward, C.P.
942 _n0
948 _c26/08/1998
999 _c55675
_d55675